Management :The essentials / (Record no. 2734)

000 -LEADER
fixed length control field 00817pam a2200277 a 4500
001 - CONTROL NUMBER
control field 934002
003 - CONTROL NUMBER IDENTIFIER
control field OSt
005 - DATE AND TIME OF LATEST TRANSACTION
control field 20160830131309.0
008 - FIXED-LENGTH DATA ELEMENTS--GENERAL INFORMATION
fixed length control field 830725s1984 njua b 001 0 eng
010 ## - LIBRARY OF CONGRESS CONTROL NUMBER
LC control number 83016075
020 ## - INTERNATIONAL STANDARD BOOK NUMBER
International Standard Book Number 9781442533622
040 ## - CATALOGING SOURCE
Original cataloging agency DLC
Transcribing agency DLC
Modifying agency DLC
050 00 - LIBRARY OF CONGRESS CALL NUMBER
Classification number HD31.R63 2014
Item number
082 00 - DEWEY DECIMAL CLASSIFICATION NUMBER
Classification number 658.4
Edition number 19
100 1# - MAIN ENTRY--PERSONAL NAME
Personal name Robbins, Stephen P.,
Dates associated with a name 1943-
245 10 - TITLE STATEMENT
Title Management :The essentials /
Statement of responsibility, etc Stephen P. Robbins, David DeCenzo, Mary Coulter
250 ## - EDITION STATEMENT
Edition statement 2nd ed.
260 ## - PUBLICATION, DISTRIBUTION, ETC. (IMPRINT)
Place of publication, distribution, etc Australia. :
Name of publisher, distributor, etc Pearson Education,
Date of publication, distribution, etc c2014.
300 ## - PHYSICAL DESCRIPTION
Extent xx, 386 p. :
Other physical details ill. ;
Dimensions 25 cm.
504 ## - BIBLIOGRAPHY, ETC. NOTE
Bibliography, etc Includes bibliographical references and indexes.
650 #0 - SUBJECT ADDED ENTRY--TOPICAL TERM
Topical term or geographic name as entry element Management.
700 ## - ADDED ENTRY--PERSONAL NAME
Relator code DeCENZO, David
700 ## - ADDED ENTRY--PERSONAL NAME
Personal name Coulter, Mary
906 ## - LOCAL DATA ELEMENT F, LDF (RLIN)
a 7
b cbc
c orignew
d 1
e ocip
f 19
g y-gencatlg
942 ## - ADDED ENTRY ELEMENTS (KOHA)
Source of classification or shelving scheme
Koha item type Book
Holdings
Withdrawn status Lost status Source of classification or shelving scheme Damaged status Not for loan Home library Current library Shelving location Date acquired Total Checkouts Full call number Barcode Date last seen Date checked out Copy number Price effective from Koha item type
          Riara University Library Riara University Library General stack 12/08/2016 1 HD31.R63 2014 7455/16 22/06/2023 15/06/2023 C.1 12/08/2016 Book
          Riara University Library Riara University Library General stack 30/09/2016   HD31.R63 2014 8533/16 30/09/2016   C.2 30/09/2016 Book

Riara University Library,
P.O. Box 49940-00100,
Nairobi, Kenya.